The Most Recent... Movies - Statistics

General Stats
  • This quiz has been taken 36 times
  • The average score is 7 of 20
Answer Stats
The most recent... Year Answer % Correct
Actor/Actress to win back-to-back acting Oscars 1993-1994 Tom Hanks
78%
Movie to receive 10+ Oscar nominations 2023 Oppenheimer
63%
Animated movie to be nominated for Best Picture 2010 Toy Story 3
56%
International movie to win Best Picture at the Oscars 2019 Parasite
53%
Movie to win the big 5 (Best Picture, Best Director, Best Actor, Best Actress, and Best Screenplay) 1991 The Silence of the Lambs
44%
Director to win back-to-back directing Oscars 2014-2015 Alejandro González Iñárritu
41%
Best Picture winner to gross $1B+ 2003 The Lord of the Rings: The Return of the King
41%
Movie to be nominated for the big 5 (Best Picture, Best Director, Best Actor, Best Actress, and Best Screenplay) 2016 La La Land
38%
Female director to win Best Director 2022 Jane Campion
34%
Director to win Best Director in their film debut 1999 Sam Mendes
34%
Person to receive 4 Oscars in one night 2025 Sean Baker
34%
Movie to win Best Picture without a Best Director nomination 2021 CODA
31%
Director nominated for Best Director for multiple movies in the same year 2000 Steven Soderbergh
22%
Actor/Actress nominated for multiple acting Oscars in the same year 2019 Scarlett Johansson
19%
Actor/Actress to complete an EGOT 2023 Viola Davis
19%
Actor/Actress to win an Oscar in their film debut 2013 Lupita Nyong'o
16%
Actress to receive 5+ acting Oscar nominations without winning 2023 Annette Benning
13%
Female director to win the Palme d'Or 2023 Justine Triet
13%
Director to win two Palme d'Or awards 2022 Ruben Östlund
13%
Actor to receive 5+ acting Oscar nominations without winning 2024 Bradley Cooper
9%
No matching quizzes found
Score Distribution
Percent of People with Each Score
Percentile by Number Answered
Your Score History
You have not taken this quiz